Combinatorial stochastic processes : Ecole d'ete de probabilitis de Saint-Flour XXXII - 2002

Αποθηκεύτηκε σε:
Λεπτομέρειες βιβλιογραφικής εγγραφής
Κύριος συγγραφέας: Pitman, Jim
Άλλοι συγγραφείς: Picard, Jean, 1959- (Επιμελητής έκδοσης)
Μορφή: Βιβλίο
Γλώσσα:English
Δημοσίευση: Berlin ; New York : Springer-Verlag, c2006.
Σειρά:Lecture notes in mathematics (Springer-Verlag) ; 1875
Θέματα:
Ετικέτες: Προσθήκη ετικέτας
Δεν υπάρχουν, Καταχωρήστε ετικέτα πρώτοι!

MARC

LEADER 00000cam a2200000 i 4500
001 1/64009
008 071122s2006####gw | ||| |||| ||eng||
020 |a 354030990X 
035 |l 10092468 
040 |a GR-MyUA  |b gre  |e AACR2 
041 0 |a eng 
082 0 |a 519.2  |2 (22) 
100 1 |a Pitman, Jim. 
245 1 0 |a Combinatorial stochastic processes :   |b Ecole d'ete de probabilitis de Saint-Flour XXXII - 2002 /   |c J. Pitman ; Jean Picard, editor.  
260 |a Berlin ;   |a New York :   |b Springer-Verlag,   |c c2006.  
300 |a ix, 256 σ. :   |b εικ. ;  |c 24 εκ. 
490 1 |a (Lecture notes in mathematics   |v ; 1875)  
504 |a Περιέχει βιβλιογραφικές παραπομπές σ.[223]-247 και ευρετήριο.  
650 0 0 |a Stochastic analysis. 
650 0 0 |a Combinatieleer. 
650 0 0 |a Stochastische processen. 
700 1 |a Picard, Jean,   |d 1959-  |e edt 
830 0 |a Lecture notes in mathematics (Springer-Verlag)  |v  ; 1875 
852 |a INST  |b SAMOS  |e 20071122  |h 519.2 PIT  |p 005300027754  |q 005300027754  |t BK  |y 0 
901 |a BIBL3-2007-3 
909 |a Σ  |b 140279 
922 |a 3ΕΛΗ  |b 200711  |c ΕΠΕΑΕΚ2/ΤΣΑΕ  |d ΠΑΠΑΣΩΤΗΡΙΟΥ 
970 |a ΣΙΤΖΙΜΗ  |b ΓΙΑΣΕΜΗ  |z 2007/11/22